| 000 | 00412 a2200109 4500 | ||
|---|---|---|---|
| 001 | ART_42744 | ||
| 005 | 20260410161737.0 | ||
| 008 | 260409a | ||
| 245 | 1 | 0 | _aA.F.J.P. medición y evaluación de la perfomance financiera |
| 100 | 1 | _aMarcel, Alberto E. | |
| 773 | 0 |
_tEjecutivos de finanzas _gA.F.J.P. Medición y evaluación de la perfomance financiera - Año 12, Nº 131 (nov. 1996) _wREV2863 |
|
| 999 |
_c18394 _d18394 |
||